Aplicación del método de Freire en un programa de desarrollo rural.

Shranjeno v:
Bibliografske podrobnosti
Glavni avtor: Sánchez de Sahagún, Concepción (autor)
Drugi avtorji: Flores de López, Graciela (autor) (autor)
Format: Knjiga
Jezik:španščina
Teme:
Oznake: Označite
Brez oznak, prvi označite!

MARC

LEADER 00000cam^a2200000uu^4500
001 000484226
005 20250521000000.0
008 030608s1977^^^^^^^^^^^^rd^r^^000^0^spa^d
009 20260310125130.839
035 |a FCE 000027286 
035 |a FCE 021968 
037 |a Acervo ITESO - Biblioteca 
041 |a spa 
082 0 4 |a 374.137252  |b SANa 
100 |a Sánchez de Sahagún, Concepción  |e (autor) 
245 1 0 |a Aplicación del método de Freire en un programa de desarrollo rural. 
264 |a México :  |b SARH,  |c 1977. 
300 |a 70 p. 
336 |a texto  |b txt  |2 rdacontenido 
337 |a sin mediación  |b n  |2 rdamedio 
338 |a volumen  |b nc  |2 rdasoporte 
649 |a XX 
650 |a Freire, Paulo 
650 |a Método educativo 
650 |a Educación de adultos 
650 |a Desarrollo rural 
650 |a Programa de desarrollo 
650 |a Investigación educacional 
650 |a Estado de México 
700 |a Flores de López, Graciela  |e (autor) 
910 |a Fondo Centro de Estudios Educativos 
920 |a Impresos - Libros 
930 |a Fondos Especiales 
905 |a 133 
901 |a ALE021968  |b IT2  |c CEE  |u 20250521 
902 |a https://opac.biblio.iteso.mx/vufind/Record/000484226